00545nam a2200169 a 4500001001000000003000900010005001700019007000300036008004100039040002500080082002800105100003900133245006300172260005500235300003600290651004900326000036047DO-SdBNP20250120110604.0ta111124s1992 dr 000 0 spa d aDO-SdBNPbspacBNPHU 4aR 920.7bM722d,19932221 aMolina Morillo, Rafael,d1930-191710aPersonalidades dominicanas 1993 /cRafael Molina Morillo. aSanto Domingo :bMolina Molina & Asociados,c1992. a640 p. :bils., retr. ;c23 cm. 4aRepública Dominicana vBiografías y1993